<?xml version="1.0" encoding="UTF-8"?><marc:collection xmlns:marc="http://www.loc.gov/MARC21/slim">
  <marc:record>
    <marc:leader>00000ngm  2200000zi 4500</marc:leader>
    <marc:controlfield tag="001">9.888759</marc:controlfield>
    <marc:controlfield tag="003">CaOODSP</marc:controlfield>
    <marc:controlfield tag="005">20250403110309</marc:controlfield>
    <marc:controlfield tag="006">m     o  c f      </marc:controlfield>
    <marc:controlfield tag="007">cr cna|||a||||</marc:controlfield>
    <marc:controlfield tag="008">200629e20200923onc013       fo   v|fre d</marc:controlfield>
    <marc:datafield tag="020" ind1=" " ind2=" ">
      <marc:subfield code="a">9780660354118</marc:subfield>
    </marc:datafield>
    <marc:datafield tag="040" ind1=" " ind2=" ">
      <marc:subfield code="a">CaOODSP</marc:subfield>
      <marc:subfield code="b">fre</marc:subfield>
      <marc:subfield code="e">rda</marc:subfield>
      <marc:subfield code="c">CaOODSP</marc:subfield>
    </marc:datafield>
    <marc:datafield tag="043" ind1=" " ind2=" ">
      <marc:subfield code="a">n-cn---</marc:subfield>
    </marc:datafield>
    <marc:datafield tag="086" ind1="1" ind2=" ">
      <marc:subfield code="a">CS89-200006/2020-8F-MP4</marc:subfield>
    </marc:datafield>
    <marc:datafield tag="245" ind1="0" ind2="0">
      <marc:subfield code="a">Exactitude et validation des données : </marc:subfield>
      <marc:subfield code="b">méthodes pour assurer la qualité des données.</marc:subfield>
    </marc:datafield>
    <marc:datafield tag="264" ind1=" " ind2="1">
      <marc:subfield code="a">[Ottawa] : </marc:subfield>
      <marc:subfield code="b">Statistique Canada = Statistics Canada, </marc:subfield>
      <marc:subfield code="c">le 23 septembre 2020.</marc:subfield>
    </marc:datafield>
    <marc:datafield tag="300" ind1=" " ind2=" ">
      <marc:subfield code="a">1 ressource en ligne (1 fichier vidéo (12 min., 10 sec.)) : </marc:subfield>
      <marc:subfield code="b">sonore, couleur</marc:subfield>
    </marc:datafield>
    <marc:datafield tag="336" ind1=" " ind2=" ">
      <marc:subfield code="a">image animée bidimensionnelle</marc:subfield>
      <marc:subfield code="b">tdi</marc:subfield>
      <marc:subfield code="2">rdacontent/fre</marc:subfield>
    </marc:datafield>
    <marc:datafield tag="337" ind1=" " ind2=" ">
      <marc:subfield code="a">informatique</marc:subfield>
      <marc:subfield code="b">c</marc:subfield>
      <marc:subfield code="2">rdamedia/fre</marc:subfield>
    </marc:datafield>
    <marc:datafield tag="338" ind1=" " ind2=" ">
      <marc:subfield code="a">ressource en ligne</marc:subfield>
      <marc:subfield code="b">cr</marc:subfield>
      <marc:subfield code="2">rdacarrier/fre</marc:subfield>
    </marc:datafield>
    <marc:datafield tag="490" ind1="0" ind2=" ">
      <marc:subfield code="a">[Produits de formation pour la littératie en matière de données ; </marc:subfield>
      <marc:subfield code="v">2020008]</marc:subfield>
    </marc:datafield>
    <marc:datafield tag="500" ind1=" " ind2=" ">
      <marc:subfield code="a">Publié aussi en anglais sous le titre : Data accuracy and validation: methods to ensure the quality of data.</marc:subfield>
    </marc:datafield>
    <marc:datafield tag="500" ind1=" " ind2=" ">
      <marc:subfield code="a">« Date de diffusion : le 23 septembre 2020. »</marc:subfield>
    </marc:datafield>
    <marc:datafield tag="500" ind1=" " ind2=" ">
      <marc:subfield code="a">Titre des images du titre.</marc:subfield>
    </marc:datafield>
    <marc:datafield tag="500" ind1=" " ind2=" ">
      <marc:subfield code="a">Transcription de la vidéo en format HTML est fourni par l'éditeur.</marc:subfield>
    </marc:datafield>
    <marc:datafield tag="520" ind1=" " ind2=" ">
      <marc:subfield code="a">« L’exactitude est l’une des six dimensions de la qualité des données qui sont prises en compte à Statistique Canada. L’exactitude s’entend de la mesure dans laquelle les données rendent compte de la vérité ou de ce qui s’est réellement produit. Dans cette vidéo, nous présenterons des méthodes pour mettre en lumière le concept d’exactitude, sur le plan de la validité et de la précision. Nous discuterons également des méthodes de validation et de vérification de l’exactitude des valeurs de données »--Fourni par l'éditeur.</marc:subfield>
    </marc:datafield>
    <marc:datafield tag="538" ind1=" " ind2=" ">
      <marc:subfield code="a">Configuration requise : Logiciel de lecture multimédia tels que Lecteur Windows Media.</marc:subfield>
    </marc:datafield>
    <marc:datafield tag="538" ind1=" " ind2=" ">
      <marc:subfield code="a">Mode d'accès : World Wide Web.</marc:subfield>
    </marc:datafield>
    <marc:datafield tag="650" ind1=" " ind2="6">
      <marc:subfield code="a">Statistique</marc:subfield>
      <marc:subfield code="z">Canada.</marc:subfield>
    </marc:datafield>
    <marc:datafield tag="710" ind1="2" ind2=" ">
      <marc:subfield code="a">Statistique Canada, </marc:subfield>
      <marc:subfield code="e">organisme de publication.</marc:subfield>
    </marc:datafield>
    <marc:datafield tag="775" ind1="0" ind2="8">
      <marc:subfield code="t">Data accuracy and validation : </marc:subfield>
      <marc:subfield code="w">(CaOODSP)9.888760</marc:subfield>
    </marc:datafield>
    <marc:datafield tag="856" ind1="4" ind2="0">
      <marc:subfield code="q">MP4</marc:subfield>
      <marc:subfield code="s">25.51 Mo</marc:subfield>
      <marc:subfield code="u">https://publications.gc.ca/collections/collection_2020/statcan/892-00006/892000062020008-fra.mp4</marc:subfield>
      <marc:subfield code="z">(vidéo)</marc:subfield>
    </marc:datafield>
    <marc:datafield tag="856" ind1="4" ind2=" ">
      <marc:subfield code="q">HTML</marc:subfield>
      <marc:subfield code="s">S.O.</marc:subfield>
      <marc:subfield code="u">https://www.statcan.gc.ca/fra/afc/litteratie-donnees/catalogue/892000062020008</marc:subfield>
      <marc:subfield code="z">(transcription)</marc:subfield>
    </marc:datafield>
  </marc:record>
</marc:collection>
